000 01072nam a22003257a 4500
001 BR8101712
003 BR-BrBNA
005 20230928090933.0
007 ta
008 230509b bl.||||| |||| 00| 0 por d
040 _aBR-BrBNA
_bpor
_cBiblioteca Nacional de Agricultura
041 _a(Por)
072 _aL30
_b5214
_b/G514
090 _ 5214 BR8101712
100 1 _aCade, K.
110 1 _aUniversidade Federal de Minas Gerais, Belo Horizonte (Brasil). Escola de Veterinaria
_0Tese (Mestre em Zootecnia)
245 1 _aPastejo precoce de bezerros leiteiros com ou sem suplementacao volumosa [Minas Gerais; Brasil]
246 1 _a[Early grazing of dairy cattle with or without roughage [Minas Gerais; Brazil]]
260 3 _aBelo Horizonte, MG (Brasil):
_c1981.
300 _a60 p.
500 _a38 ref.; 14 tables; Summary (Por)
650 _aNutricao animal
650 _aGado leiteiro
650 _aBezerro leiteiro
650 _aPastejo
650 _aGanho de peso
650 _aMinas Gerais
909 _a202309
_bLucia
_c55
_dLucia Elande
942 _cBK
999 _c31350
_d31350